000
00314nam a22001337a 4500
008
170403b xxu||||| |||| 00| 0 eng d
020
_a
9780073304465
041
_a
eng
080
_2
4TH
_a
574
100
_a
9
101
_a
shm
245
_a
PRINCIPLES OF ENVIRONMENT SCIENCE
_c
CUNNINGHAM, W.P
942
_2
udc
_c
BK
999
_c
9538
_d
9538